Liedtext - Kleid aus Rosen - Subway To Sally - Statistiken

Allgemein
  • Dieses Quiz wurde 18 mal gespielt
  • Das Durchschnittsergebnis liegt bei 167 aus 213
Antwortstatistiken
Antwort % Korrekt
auf
100%
den
100%
Den
100%
die
100%
in
100%
In
100%
Kleid
100%
mir
100%
Rosen
100%
Stich
100%
und
100%
Und
100%
an
88%
bloßen
88%
da
88%
Da
88%
der
88%
Der
88%
Ein
88%
ein
88%
er
88%
gib
88%
Mädchen
88%
Mädchenleib
88%
mein
88%
Meister
88%
sie
88%
weißes
88%
zu
88%
Blätter
75%
Blumen
75%
Blut"
75%
Blüten
75%
das
75%
dem
75%
einem
75%
erfahren
75%
gesehen
75%
Hat
75%
hat
75%
je
75%
man
75%
nahm
75%
Niemals
75%
Preis
75%
sehen
75%
stehen
75%
Unberührten
75%
Vor
75%
war
75%
Wassern
75%
Welchen
75%
aus
63%
blieb
63%
Darinnen
63%
"Diese
63%
dir
63%
Einsam
63%
einst
63%
Eltern
63%
fort
63%
gut
63%
gute
63%
gutes
63%
Haus
63%
Haut
63%
jungen
63%
junges
63%
keine
63%
Kindheit
63%
laut
63%
lief
63%
Mädchenherzen
63%
Mann
63%
nackte
63%
Ort
63%
rief
63%
Schmerzen
63%
sogar
63%
Sprach
63%
tiefen
63%
unbekannte
63%
Verließ
63%
versprochen
63%
Wuchsen
63%
wuchsen
63%
zur
63%
ausgeharrt
50%
Bis
50%
dein
50%
Doch
50%
"Enden
50%
früh
50%
geben"
50%
Hand
50%
Knien
50%
kosten
50%
Leben
50%
lieber
50%
mehr
50%
Nadel
50%
nicht
50%
sanft
50%
schönen
50%
seinen
50%
Später
50%
stach
50%
Stech
50%
widerstand
50%
Will
50%
Bilder
38%
Stichen
38%
vernarrt
38%
Keine übereinstimmenden Quizze gefunden
Verteilung der Resultate
Anzahl Personen mit jedem Resultat
Perzentil nach korrekt beantworteten Fragen
Ihre Resultats-Entwicklung
Sie haben dieses Quiz noch nicht gespielt